000 00607nam a22002297a 4500
003 UA-OsUOA
001 79257
007 ta
008 20111107b un ||||| |||| 00| 0 ukr d
100 _aХаммер А.
090 _a82-94
_bХ18
942 _cBK
040 _aUA-OsUOA
_brus
_cUA-OsUOA
_dUA-OsUOA
245 _aМой век - двадцатый. Пути и встречи
300 _a304 с.
955 _a2
041 _arus
080 _a82-94
260 _aМ.
_bПрогресс
_c1988
650 7 _a82 Література. Літературознавство
_2UDC
999 _c365573
_d365573